Les plus gros transferts du football - Ailiers gauches - Statistiques

Statistiques générales
  • Ce quiz a été pris 150 fois
  • Le résultat moyen est 10 sur 10
Statistiques - réponses
Montant de transfert (M €) Saison Nationalité Venant de Allant à Joueur % Correct
222,00 2017-2018 Brésil Barcelone Paris SG Neymar
100%
90,00 2023-2024 Brésil Paris SG Al-Hilal Neymar
100%
88,00 2013-2014 Brésil Santos Barcelone Neymar
100%
115,00 2019-2020 Belgique Chelsea Real Madrid Eden Hazard
99%
117,50 2021-2022 Angleterre Aston Villa Manchester City Jack Grealish
98%
85,00 2021-2022 Angleterre Borussia Dortmund Manchester Unitwed Jadon Sancho
97%
127,20 2019-2020 Portugal Benfica Atlético Madrid João Félix
96%
60,00 2023-2024 Belgique Stade Rennais Manchester City Jérémy Doku
95%
70,00 2022-2023 Ukraine Shakhtar D. Chelsea Mykhaylo Mudryk
88%
63,70 2015-2016 Angleterre Liverpool Manchester City Raheem Sterling
87%
Aucun quiz correspondant
Distribution des résultats
% des personnes avec chaque résultat
Percentile par nombre de réponses
Votre historique - résultats
Vous n’avez pas pris ce quiz